| 000 | 01993nas a2200481 i 4500 | ||
|---|---|---|---|
| 999 |
_c68748 _d68748 |
||
| 001 | 68748 | ||
| 003 | Mx-PuUPA | ||
| 005 | 20200217162107.0 | ||
| 008 | 170418c18889999waumr ||d 0 b0eng|d | ||
| 022 | _a0027-9358 | ||
| 040 |
_aMx-PuUPA _bspa _cMx-PuUPA _dMx-PuUPA _erda |
||
| 041 | 0 | _aeng | |
| 082 | 0 | _a910 | |
| 210 | 1 |
_aNat. geo. _b(Washington) |
|
| 222 | 0 |
_aNational geographic _b(Washington) |
|
| 245 | 1 | 0 |
_aNational geographic : _bthe journal of the National Geographic Society |
| 246 | 1 | 3 | _aNATGEO en inglés |
| 246 | 1 | 3 | _aRevista NatGeo |
| 246 | 1 | 3 |
_aNational Geographic : _brevista |
| 246 | 1 | 0 | _aNational geographic |
| 247 | 1 | 1 |
_aNational Geographic Magazine _f1888-1959 |
| 264 | 1 |
_aWashington : _bNational geographic society, _c1959- |
|
| 310 | _aMensual | ||
| 336 |
_atexto _2rdacontent _btxt |
||
| 337 |
_asin medio _2rdamedia _bn |
||
| 338 |
_avolumen _2rdacarrier _bnc |
||
| 362 | 1 | _aEmpezó en octubre de 1888- | |
| 510 | 0 | _aDialnet Plus | |
| 510 | 0 | _aScielo | |
| 510 | 0 | _aRedalyc | |
| 530 | _aPublicada en formato electrónico | ||
| 546 | _aTambién disponible en español, árabe, alemán, búlgaro, chino tradicional y simplificado, croata, checo, danés, esloveno, estonio, finés, francés, griego, hebreo y hebreo ortodoxo, húngaro, indonesio, italiano, japonés, coreano, noruego, polaco, portugués en dos ediciones, rumano, ruso, serbio, sueco, tailandés y turco. | ||
| 550 | _aDesarrollado por: National Geographic Society, 1888- | ||
| 588 | 1 | _aDescripción basada en: vol. 3, no. 119 (march, 1961)- ; título de la cubierta | |
| 610 | 2 | 4 | _aNational Geographic |
| 650 | 4 |
_aGeografía _vPublicación periódica |
|
| 650 | 4 |
_aZoología _vPublicación periódica |
|
| 650 | 4 |
_aBotánica _vPublicación periódica |
|
| 710 | 2 | _aNational Geographic Society | |
| 775 | 1 |
_iTambién disponible en español _tNational Geographic en español _x1665-7764 _w(Mx-PuUPA) 67171 |
|
| 942 |
_2ddc _cISSUE _h910 _s1 |
||
| 998 | _cbalv | ||